000 01066nam a22003377a 4500
003 CHAP
005 20220329143609.0
008 100816s1990 us a r 00010 eng d
010 _a99077
011 _a100049
020 _a0912845031
035 _a110735
040 _cCHAP
082 1 4 _a581.634
_bW43 1990
100 0 0 _aWeiner, Michael.
_9121370
245 1 0 _aWeiner's herbal :
_bthe guide to herbs medicine
_c/por Michael A. Weiner y Janet Weiner
250 _a2 ed.
260 _aNew York :
_bQuantum Books,
_c1990
300 _a275 p. :
_bilus.
590 _aBATCH-UPD
_b10
_c20130110
_lUCH01
_h1137
590 _aBATCH-UPD
_b10
_c20130410
_lUCH01
_h0724
590 _aBATCH-UPD
_b10
_c20130914
_lUCH01
_h0743
590 _aCONVERSION
_b10
_c20130109
_lUCH01
_h1355
650 1 4 _aBotánica médica.
_914680
650 1 4 _aMedicina alternativa.
_973914
650 1 4 _aTerapéutica fisiológica.
_9112346
700 1 _aWeiner, Janet
_9121369
901 _aBK
942 _cLIBRO
949 _a581.634 W43 1990
_bBC
_cLIBRO
_d33724002172512
_eLIBRO
_h113274
_i110735
_sb
999 _c99077
_d99077